MotoGP 2024 drivers - Statistiques

Statistiques générales
  • Ce quiz a été pris 18 fois
  • Le résultat moyen est 21 sur 22
Statistiques - réponses
Team Nationality Driver % Correct
Aprilia Racing 🇪🇸 Spain Aleix Espargaro
100%
Gresini Racing MotoGP 🇪🇸 Spain Alex Marquez
100%
Monster Energy Yamaha Factory Racing 🇪🇸 Spain Álex Rins
100%
Red Bull KTM Factory Racing 🇿🇦 South Africa Brad Binder
100%
Monster Energy Yamaha Factory Racing 🇫🇷 France Fabio Quartararo
100%
Ducati Lenovo Team 🇮🇹 Italy Francesco Bagnaia
100%
Prima Pramac Racing 🇮🇹 Italy Franco Morbidelli
100%
Red Bull KTM Factory Racing 🇦🇺 Australia Jack Miller
100%
Repsol Honda Team 🇪🇸 Spain Joan Mir
100%
Prima Pramac Racing 🇪🇸 Spain Jorge Martin
100%
Repsol Honda Team 🇮🇹 Italy Luca Marini
100%
Gresini Racing MotoGP 🇪🇸 Spain Marc Marquez
100%
Trackhouse Racing 🇵🇹 Portugal Miguel Oliveira
100%
Pertamina Enduro VR46 Racing Team 🇮🇹 Italy Fabio Di Giannantonio
92%
LCR Honda Castrol 🇫🇷 France Johann Zarco
92%
Aprilia Racing 🇪🇸 Spain Maverick Vinales
92%
GasGas Tech3 Factory Racing 🇪🇸 Spain Pedro Acosta
92%
GasGas Tech3 Factory Racing 🇪🇸 Spain Augusto Fernandez
85%
Pertamina Enduro VR46 Racing Team 🇮🇹 Italy Marco Bezzecchi
85%
Trackhouse Racing 🇪🇸 Spain Raul Fernandez
85%
LCR Honda INDEMITSU 🇯🇵 Japan Takaaki Nakagami
85%
Ducati Lenovo Team 🇮🇹 Italy Enea Bastianini
77%
Aucun quiz correspondant
Distribution des résultats
% des personnes avec chaque résultat
Percentile par nombre de réponses
Votre historique - résultats
Vous n’avez pas pris ce quiz